[Event "SVK-ch U16 Girls"]
[Site "Liptovsky Mikulas"]
[Date "2007.04.25"]
[Round "6"]
[White "Strakova, Ivana"]
[Black "Dylova, Anna"]
[Result "1-0"]
[WhiteElo "1427"]
[BlackElo "1350"]
[PlyCount "83"]
[EventDate "2007.04.22"]
[EventType "tourn"]
[EventRounds "9"]
[EventCountry "SVK"]
[SourceTitle "EXT 2008"]
[Source "ChessBase"]
[SourceDate "2007.11.25"]
[SourceVersion "1"]
[SourceVersionDate "2007.11.25"]
[SourceQuality "1"]

1. e4 e5 2. Nf3 Nc6 3. Nc3 Bc5 4. Bb5 Nf6 5. Bxc6 dxc6 6. Nxe5 Qe7 7. d4 Bd6 8. Bf4 Ng4 9. Nd3 Bxf4 10. Nxf4 Qf6 11. g3 Qe7 12. 0-0 0-0 13. Re1 Qg5 14. f3 Nf6 15. e5 Nh5 16. Nxh5 Qxh5 17. Qe2 Re8 18. Rad1 f6 19. g4 Qg6 20. Qd3 f5 21. h3 fxg4 22. Qxg6 hxg6 23. hxg4 Rf8 24. Kg2 Kh7 25. d5 cxd5 26. Nxd5 c6 27. Nc7 Rb8 28. e6 Bxe6 29. Rxe6 Rbc8 30. Rd7 Kh6 31. Kg3 Kh7 32. g5 Rcd8 33. Ree7 Rxd7 34. Rxd7 Rf5 35. f4 a6 36. Ne6 Kh8 37. Rxg7 b5 38. Rxg6 Rd5 39. Rh6+ Kg8 40. g6 Rd6 41. g7 Rxe6 42. Rxe6 1-0

[Event "SVK-ch U16 Girls"]
[Site "Liptovsky Mikulas"]
[Date "2007.04.24"]
[Round "5"]
[White "Kovalova, Patricia"]
[Black "Dylova, Anna"]
[Result "0-1"]
[WhiteElo "1350"]
[BlackElo "1350"]
[PlyCount "104"]
[EventDate "2007.04.22"]
[EventType "tourn"]
[EventRounds "9"]
[EventCountry "SVK"]
[SourceTitle "EXT 2008"]
[Source "ChessBase"]
[SourceDate "2007.11.25"]
[SourceVersion "1"]
[SourceVersionDate "2007.11.25"]
[SourceQuality "1"]

1. e4 e5 2. Nf3 Nc6 3. Nc3 Bc5 4. Bb5 d6 5. d3 Bg4 6. Nd5 a6 7. Bxc6+ bxc6 8. Nc3 Qf6 9. a3 Bxf3 10. gxf3 Ne7 11. Rg1 h6 12. Bd2 Qh4 13. Rg2 Ng6 14. Qe2 Bd4 15. 0-0-0 Bxc3 16. Bxc3 Nf4 17. Qf1 Nxg2 18. Qxg2 Qg5+ 19. Qxg5 hxg5 20. Rh1 Rh3 21. Bd2 f6 22. Ba5 Rxf3 23. Bxc7 Rxf2 24. Bxd6 Rf4 25. Rg1 Rh4 26. Rg2 Kd7 27. Bc5 Rah8 28. Bg1 Rb8 29. c4 Rh3 30. Kc2 Rd8 31. Bb6 Rb8 32. Bg1 Ke6 33. Kc3 Rd8 34. Kb4 Rhxd3 35. Ka5 Ra8 36. Kb6 Rb3+ 37. Ka5 Rab8 38. Rd2 Rxb2 39. Rd3 R8b3 40. Rxb3 Rxb3 41. Ka4 Rb1 42. Bf2 Rb2 43. Bg1 Re2 44. c5 Rxe4+ 45. Ka5 Re1 46. Bf2 Re2 47. Bg3 f5 48. Kxa6 Ra2 49. Kb6 Kd5 50. h4 Rxa3 51. Bf2 gxh4 52. Bxh4 f4 0-1